|
|
|
|
| LEADER |
02040nam a2200565 4500 |
| 001 |
ocn911135050 |
| 003 |
OCoLC |
| 005 |
20170124070341.9 |
| 006 |
m o d |
| 007 |
cr ||||||||||| |
| 008 |
150615s2016 enk ob 001 0 eng |
| 010 |
|
|
|a 2015023589
|
| 040 |
|
|
|a DLC
|b eng
|e rda
|c DLC
|d OCLCF
|d N$T
|d YDXCP
|d DG1
|d IDEBK
|d CDX
|d DEBBG
|d KSU
|d GrThAP
|
| 020 |
|
|
|a 9781118897737 (pdf)
|
| 020 |
|
|
|a 1118897730 (pdf)
|
| 020 |
|
|
|a 9781118897744 (epub)
|
| 020 |
|
|
|a 1118897749 (epub)
|
| 020 |
|
|
|z 9781118897720 (cloth)
|
| 020 |
|
|
|a 9781118897768
|
| 020 |
|
|
|a 1118897765
|
| 029 |
1 |
|
|a DEBBG
|b BV043399048
|
| 035 |
|
|
|a (OCoLC)911135050
|
| 042 |
|
|
|a pcc
|
| 050 |
0 |
0 |
|a RA1057
|
| 072 |
|
7 |
|a MED
|x 030000
|2 bisacsh
|
| 072 |
|
7 |
|a MED
|x 076000
|2 bisacsh
|
| 072 |
|
7 |
|a MED
|x 078000
|2 bisacsh
|
| 082 |
0 |
0 |
|a 614/.12
|2 23
|
| 049 |
|
|
|a MAIN
|
| 245 |
0 |
0 |
|a Forensic chemistry :
|b fundamentals and applications /
|c edited by Jay A. Siegel.
|
| 264 |
|
1 |
|a Chichester, West Sussex ;
|a Hoboken, NJ :
|b John Wiley and Sons,
|c [2015].
|
| 300 |
|
|
|a 1 online resource.
|
| 336 |
|
|
|a text
|2 rdacontent
|
| 337 |
|
|
|a computer
|2 rdamedia
|
| 338 |
|
|
|a online resource
|2 rdacarrier
|
| 490 |
0 |
|
|a Forensic science in focus
|
| 504 |
|
|
|a Includes bibliographical references and index.
|
| 588 |
|
|
|a Description based on print version record and CIP data provided by publisher.
|
| 650 |
|
0 |
|a Chemistry, Forensic.
|
| 650 |
|
0 |
|a Forensic sciences.
|
| 650 |
|
7 |
|a Chemistry, Forensic.
|2 fast
|0 (OCoLC)fst00853484
|
| 650 |
|
7 |
|a Forensic sciences.
|2 fast
|0 (OCoLC)fst00932011
|
| 650 |
|
7 |
|a MEDICAL / Forensic Medicine
|2 bisacsh
|
| 650 |
|
7 |
|a MEDICAL / Preventive Medicine
|2 bisacsh
|
| 650 |
|
7 |
|a MEDICAL / Public Health
|2 bisacsh
|
| 655 |
|
4 |
|a Electronic books.
|
| 700 |
1 |
|
|a Siegel, Jay A.
|
| 776 |
0 |
8 |
|i Print version:
|t Forensic chemistry
|d Chichester, West Sussex ; Hoboken, NJ : John Wiley and Sons, [2015]
|z 9781118897720
|w (DLC) 2015022497
|
| 856 |
4 |
0 |
|u https://doi.org/10.1002/9781118897768
|z Full Text via HEAL-Link
|
| 994 |
|
|
|a 92
|b DG1
|